La violencia y las élites en Guatemala: pactos en la interfaz de lo legal y lo ilegal/
En este artículo se lleva a cabo un análisis profundo y exhaustivo de la compleja relación entre la violencia y las élites en el contexto guatemalteco. El autor se enfoca en la formación de pactos que operan en una zona gris entre lo legal y lo ilegal, y su impacto en la sociedad y la política de Gu...
Đã lưu trong:
| Định dạng: | Sách |
|---|---|
| Ngôn ngữ: | Spanish |
| Những chủ đề: | |
| Các nhãn: |
Thêm thẻ
Không có thẻ, Là người đầu tiên thẻ bản ghi này!
|
MARC
| LEADER | 00000nam a22000007a 4500 | ||
|---|---|---|---|
| 003 | cru CIDCACS/IIS | ||
| 005 | 20231024140553.0 | ||
| 007 | ta | ||
| 008 | 180516s2018 es |||p|r||||||0| ||spa|d | ||
| 040 | |c cru CIDCACS/IIS | ||
| 245 | 1 | 3 | |a La violencia y las élites en Guatemala: |b pactos en la interfaz de lo legal y lo ilegal/ |c Patrick Ilmer |
| 300 | |a páginas 65-86 | ||
| 520 | |a En este artículo se lleva a cabo un análisis profundo y exhaustivo de la compleja relación entre la violencia y las élites en el contexto guatemalteco. El autor se enfoca en la formación de pactos que operan en una zona gris entre lo legal y lo ilegal, y su impacto en la sociedad y la política de Guatemala. El artículo destaca cómo las élites en Guatemala, que a menudo detentan un poder significativo en los ámbitos políticos y económicos, pueden estar involucradas en acuerdos y prácticas que desafían las normas legales establecidas. Estos pactos pueden abordar una variedad de temas, desde cuestiones económicas y empresariales hasta la política y la seguridad. Una de las cuestiones centrales que se aborda es la relación entre estos pactos y la persistente violencia en Guatemala. El artículo explora cómo estos acuerdos pueden contribuir a la perpetuación de la violencia, la impunidad y la falta de responsabilidad por parte de las élites. También se examina cómo estos pactos pueden afectar la vida de la población en general, incluyendo las comunidades más vulnerables. RAR 10/2023 | ||
| 650 | 0 | |a VIOLENCIA |2 OCDE |9 133 | |
| 650 | 0 | |a ELITE |2 OCDE |9 3137 | |
| 650 | 0 | |a POLITICA |2 OCDE |9 3691 | |
| 650 | 0 | |a ECONOMIA |2 OCDE |9 143 | |
| 650 | 0 | |a IMPUNIDAD |2 OCDE |9 7016 | |
| 650 | 0 | |a PODER |2 OCDE |9 1026 | |
| 651 | 0 | |a GUATEMALA |2 OCDE |9 142 | |
| 773 | 0 | |0 18723 |9 2008 |a Universidad Centroamericana José Simeón Cañas. |d San Salvador, El Salvador Universidad Centroamericana José Simeón |o 18720 |t ECA: | |
| 773 | 0 | |0 18723 |9 2008 |a Universidad Centroamericana José Simeón Cañas (UCA) |d San Salvador, El Salvador Universidad Centroamericana José Simeón |o 18720 |t ECA: | |
| 942 | |2 ddc |c PP | ||
| 999 | |c 41414 |d 41414 | ||
